| 000 | 00592nam a22001817a 4500 | ||
|---|---|---|---|
| 005 | 20250108163420.0 | ||
| 010 | _aENG-143245 | ||
| 020 |
_a9789383930838 _c995.00 |
||
| 035 | _aEN-126777 | ||
| 037 | _bDBAD | ||
| 082 | _a001.42 | ||
| 100 |
_aSanjay Kumar _976134 |
||
| 245 |
_aResearch Methodology: _cby Sanjay Kumar [and] Neelam Kumari _bAn introduction/ |
||
| 260 |
_aNew Delhi _bG.B. Books _c2021 |
||
| 270 |
_a4832/24, S-204 Prahlad Lane, Ansari Road _bNew Delhi _e110002 _k9810696999 _k011-41002854 |
||
| 300 |
_ax,213p. _c23cm(hb) |
||
| 942 |
_2ddc _cEN _mSAN _h001.42 |
||
| 999 |
_c208230 _d208230 |
||